Statistics for Top 5 Countries that produce ... #1

Click here to take the quiz!

General Stats

  • This quiz has been taken 168 times
  • The average score is 26 of 30

Answer Stats

Answer% Correct
United States
99%
United States
99%
United States
99%
China
97%
China
97%
China
97%
China
97%
China
97%
Russia
97%
Russia
97%
Russia
97%
Russia
97%
Russia
97%
Saudi Arabia
96%
Canada
92%
Canada
92%
Iran
92%
India
90%
India
90%
Australia
89%
Australia
89%
Brazil
86%
Iraq
86%
Mexico
85%
Chile
78%
Democratic Republic of the Congo
74%
Peru
73%
Peru
73%
United Arab Emirates
56%
Poland
31%

Score Distribution

Percentile by Number Answered

Percent of People with Each Score

Your Score History

You have not taken this quiz